Logos des équipes internationales de football - Statistiques

Statistiques générales
  • Ce quiz a été pris 92 fois
  • Le résultat moyen est 74 sur 209
Statistiques - réponses
Par images Réponse % Correct
Espagne
97%
Argentine
96%
France
95%
Portugal
95%
Belgique
93%
Brésil
93%
Italie
93%
Allemagne
92%
Angleterre
92%
Croatie
92%
Pays-bas
92%
Maroc
91%
Colombie
88%
Japon
84%
États-Unis
83%
Iran
82%
Norvège
80%
Sénégal
80%
Canada
79%
Uruguay
79%
Albanie
76%
Danemark
76%
Suède
76%
Autriche
75%
Turquie
75%
Mexique
74%
Égypte
71%
Grèce
71%
Pays de Galles
70%
Qatar
68%
Russie
68%
Finlande
67%
Irlande
67%
Algérie
66%
Cameroun
66%
Thaïlande
66%
Tunisie
66%
Jamaïque
64%
Ukraine
64%
Écosse
63%
Côte d'Ivoire
62%
Nouvelle-Zélande
62%
Suisse
61%
Ghana
59%
Mali
59%
Panama
59%
Pologne
59%
Chine
58%
Irak
58%
Pérou
58%
Slovaquie
58%
Honduras
55%
Roumanie
53%
Corée du Sud
51%
Équateur
51%
Émirats Arabes Unis
50%
Géorgie
50%
Hongrie
50%
Monténégro
50%
Slovénie
50%
Arabie Saoudite
49%
Chili
49%
Gabon
49%
Venezuela
49%
Irlande du Nord
47%
Zambie
46%
Bosnie-Herzégovine
45%
République Tchèque
45%
Israël
43%
Australie
42%
Bulgarie
42%
Corée du Nord
42%
Jordanie
42%
Luxembourg
42%
Burkina Faso
41%
Liban
39%
Paraguay
38%
Serbie
38%
Kosovo
37%
Nigeria
36%
Syrie
36%
Costa Rica
34%
Mauritanie
34%
Azerbaïdjan
33%
Cuba
33%
République centrafricaine
33%
République Démocratique du Congo
33%
Togo
33%
Guinée Équatoriale
32%
Islande
32%
Lituanie
32%
Bolivie
30%
Éthiopie
30%
Madagascar
30%
Moldavie
30%
Viêt Nam
30%
Guinée
29%
Libéria
29%
Saint-Vincent-et-les-Grenadines
29%
Yémen
29%
Hong-Kong
28%
Macédoine du Nord
28%
République du Congo
28%
Sierra Leone
28%
Cap-Vert
26%
Laos
26%
Pakistan
26%
Rwanda
26%
Afrique du Sud
25%
Barbade
25%
Inde
25%
Papouasie-Nouvelle-Guinée
25%
Soudan du Sud
25%
Cambodge
24%
Guyana
24%
Népal
24%
Oman
24%
Palestine
24%
Saint-Marin
24%
Lesotho
22%
République Dominicaine
22%
Tchad
22%
Vanuatu
22%
Angola
21%
Comores
21%
Gambie
21%
Haïti
21%
Arménie
20%
Bahreïn
20%
Bhoutan
20%
Eswatini
20%
Gibraltar
20%
Grenade
20%
Koweït
20%
Malawi
20%
Mozambique
20%
Zimbabwe
20%
Djibouti
18%
Guinée-Bissau
18%
Libye
18%
Ouganda
18%
Singapour
18%
Soudan
18%
Tahiti
18%
Estonie
17%
Kazakhstan
17%
Liechtenstein
17%
Mongolie
17%
Samoa
17%
Sri Lanka
17%
Tanzanie
17%
Trinité et Tobago
17%
Belize
16%
Botswana
16%
Curaçao
16%
Afghanistan
14%
Chypre
14%
Kirghizistan
14%
Nicaragua
14%
Ouzbékistan
14%
Seychelles
14%
Tonga
14%
Birmanie
13%
Dominique
13%
Lettonie
13%
Macao
13%
Saint-Christophe-et-Niévès
13%
Andorre
12%
Bénin
12%
Bermudes
12%
Îles Vierges britanniques
12%
Somalie
12%
Sao-Tomé-et-Principe
11%
Tadjikistan
11%
Aruba
9%
Burundi
9%
Fidji
9%
Îles Cook
9%
Malte
9%
Maurice
9%
Namibie
9%
Niger
9%
Philippines
9%
Salvador
9%
Anguilla
8%
Timor Oriental
8%
Bangladesh
7%
Brunei
7%
Îles Salomon
7%
Îles-Turques-et-Caïques
7%
Indonésie
7%
Malaisie
7%
Montserrat
7%
Samoa américaines
7%
Sainte-Lucie
5%
Turkménistan
5%
Antigua-et-Barbuda
4%
GUAM
4%
Îles Vierges des États-Unis
4%
Kenya
4%
Bahamas
3%
Guatemala
3%
Maldives
3%
Nouvelle Calédonie
3%
Porto Rico
3%
Îles Caïmans
1%
Îles Féroé
1%
Suriname
1%
Taïwan
1%
Aucun quiz correspondant
Distribution des résultats
% des personnes avec chaque résultat
Percentile par nombre de réponses
Votre historique - résultats
Vous n’avez pas pris ce quiz